| 000 | 01226naa a22003377a 4500 | ||
|---|---|---|---|
| 001 | BR7804496 | ||
| 003 | BR-BrBNA | ||
| 005 | 20240918174128.0 | ||
| 007 | ta | ||
| 008 | 230509b bl.||||| |||| 00| 0 por d | ||
| 040 |
_aBR-BrBNA _bpor _cBiblioteca Nacional de Agricultura |
||
| 041 | _a(Pt) | ||
| 072 |
_aF00 _b0170 _b0120 _b1410 _b0430 _bG514 |
||
| 090 | _aF00 BR7804496 | ||
| 100 | 1 | _aCarmo, C.M. do | |
| 245 | 1 | _aEnsaio de consorcio de sorgo granifero com milho, feijao e algodao moco em tres (03)municipios do Ceara [Sorghum bicoloor; Zea mys; Gossyfim hirsutum Marie Galante; Aracati; Pentecoste; Quixada; Brasil] | |
| 260 | 3 |
_aFortaleza, CE (Brasil): _c1978. |
|
| 500 | _aPrograma de pesquisa com a cultura do sorgo Fortaleza, CE (Brasil): 1978. p. 92-95 (BR7804496-AM)F00 | ||
| 650 | _aProducao vegetal | ||
| 650 | _aSorgo granifero | ||
| 650 | _aMilho | ||
| 650 | _aFeijao | ||
| 650 | _aAlgodao moco | ||
| 650 | _aConsorciacao de cultura | ||
| 650 | _aPratica cultural | ||
| 650 | _aRendimento | ||
| 650 | _aCeara | ||
| 773 | 0 |
_tPrograma de pesquisa com a cultura do sorgo _b _wF00 BR7804496 _gFortaleza, CE (Brasil), 1978. p. 92-95 |
|
| 909 |
_a202404 _bLucia _c55 _dLucia Elande |
||
| 942 |
_cAM _2AGRIS |
||
| 999 |
_c309092 _d309092 |
||